Cosmos 3. Geografía e historia de España e Hispanoamérica

Gespeichert in:
Bibliographische Detailangaben
1. Verfasser: Grupo Mainake
Format: keine Angabe
Sprache:Spanisch
Erschienen: Madrid Bruño 1991
Katalog:MANES:  Suchergebnis im Bibliothekskatalog
Schulbuchspezifische Eigenschaften:
Tags: Tag hinzufügen
Keine Tags, Fügen Sie den ersten Tag hinzu!
Hinzugefügt zu:26.04.2016

MARC

LEADER 000000000a22000000004500
001 03003
003 OSt
008 160427s sp ||||| |||| 00| 0 spa d
040 |c centro_manes 
041 1 |a spa 
691 0 |a SE 
100 1 |a Grupo Mainake  |9 442 
245 0 0 |a Cosmos 3. Geografía e historia de España e Hispanoamérica 
260 3 |a Madrid  |b Bruño  |c 1991 
300 |a 384 p.  |c 26x19 cm 
500 |a Fecha de publicación tomada del Depósito Legal 
690 7 |a GEO 
942 |2 ddc  |c BK 
546 |a España 
999 |c 8977  |d 8977 
999 |c manes:8977  |d 8977